| 000 | 00888cam a22002533a 4500 | ||
|---|---|---|---|
| 001 | 18527 | ||
| 003 | PGUSA | ||
| 005 | 20140828083408.0 | ||
| 008 | 060607s2006||||xxu|||||s|||||000 | eng d | ||
| 040 |
_aPGUSA _beng |
||
| 042 | _adc | ||
| 050 | 4 | _aQE | |
| 100 | 1 | _aUnited States. Federal Emergency Management Agency | |
| 245 | 1 | 3 |
_aAn Assessment of the Consequences and Preparations for a Catastrophic California Earthquake : _bFindings and Actions Taken _h[electronic resource] / _cUnited States. Federal Emergency Management Agency |
| 260 |
_bProject Gutenberg, _c2006 |
||
| 506 | _aPublic domain in the USA. | ||
| 516 | _aElectronic text | ||
| 653 | _aEarthquakes -- California | ||
| 653 | _aEarthquakes -- Safety measures | ||
| 653 | _aNatural disasters -- California | ||
| 830 | 0 |
_aProject Gutenberg _v18527 |
|
| 856 | 4 | 0 | _uhttp://www.gutenberg.org/ebooks/18527 |
| 942 | _cEB | ||
| 999 |
_c247782 _d247782 |
||